La enseñanza de los números reales en el nivel secundario: (Registro nro. 32558)
[ vista simple ]
| 000 -CABECERA | |
|---|---|
| campo fijo de control de longitud | 01468nab a2200265 4500 |
| 003 - IDENTIFICADOR DEL NÚMERO DE CONTROL | |
| campo de control | AR-RoBPED |
| 005 - FECHA Y HORADE LA ULTIMA TRANSACCION | |
| campo de control | 20260413091011.0 |
| 008 - ELEMENTOS DE LONGITUD FIJA--INFORMACION GENERAL | |
| campo fijo de control de longitud | 260413b |||||||| |||| 00| 0 spa d |
| 040 ## - FUENTE CATALOGADORA | |
| Centro catalogador/agencia de origen | AR-RoBPED |
| 041 ## - IDIOMA | |
| Código de idioma para texto/pista de sonido o título independiente | spa |
| 100 1# - ENCABEZAMIENTO PRINCIPAL--AUTOR PERSONAL | |
| Nombre de persona | Duarte, Betina |
| 9 (RLIN) | 24877 |
| 245 13 - TITULO | |
| Título | La enseñanza de los números reales en el nivel secundario: |
| Subtítulo | desafíos y perspectivas / |
| 260 ## - PUBLICACION | |
| Lugar | Buenos Aires : |
| Editor | Noveduc, |
| Fecha | 2025 |
| 300 ## - DESCRIPCION FISICA | |
| Extensión | 24-29 p. |
| 500 ## - NOTA GENERAL | |
| Nota general | Se presentan algunas reflexiones acerca de la enseñanza de los número reales en la escuela secundaria a través de problemáticas que hacen posible el avance en la comprensión de los reales en este nivel. Un grupo de actividades permite desplegar ideas acerca de la densidad de los números racionales en vínculo con las formas de representación de estos números y otras toman la producción de reglas de formación como un modo de crear expresiones decimales infinitas tanto periódicas como no periódicas. |
| 650 #7 - TERMINO DE MATERIA--CONTROLADO | |
| Término controlado | NIVEL MEDIO |
| 9 (RLIN) | 3552 |
| Término controlado | ACTIVIDADES DE APRENDIZAJE |
| 9 (RLIN) | 783 |
| Término controlado | ESTUDIANTES |
| 9 (RLIN) | 11380 |
| Término controlado | NUMEROS REALES |
| 9 (RLIN) | 505 |
| Término controlado | ENSEÑANZA DE LAS MATEMATICAS |
| 9 (RLIN) | 818 |
| 710 1# - ENCABEZAMIENTO SECUNDARIO--AUTOR INSTITUCIONAL | |
| Nombre de institución o nombre de jurisdicción | Equipo de Investigadores sobre Enseñanza de la Matemática de la UNIPE |
| 9 (RLIN) | 30743 |
| 773 0# - DOCUMENTO FUENTE | |
| Host Biblionumber | 20414 |
| Host Itemnumber | 41869 |
| Place, publisher, and date of publication | Buenos Aires : Noveduc, 1993- |
| Título | Novedades Educativas |
| Record control number | (AR-RoBPED)20414 |
| International Standard Serial Number | 03283534 |
| 942 ## - ELEMENTOS KOHA | |
| Fuente de clasificación | Universal Decimal Classification |
| Koha tipo de ítem | Revistas |
| Clasificación | 37(05) |
| Signatura librística | Nov 86 N° 401 (Abril.2025) |
| Número Koha | k.32558 |
| 945 ## - PROCESAMIENTO DE LA INFORMACIÓN LOCAL | |
| Catalogador y fecha | mar 04/2026 |
No hay ítems disponibles.